000 01236nam a2200277 4500
001 109826
003 ES-MaACL
005 20250812062527.0
007 t|
008 061121s1964 sp 00110 spa d
080 _a1(04)
100 1 _aRodríguez-Rosado, Juan José,
_d1933-
_9172246
245 1 0 _aAngustia existencial y esperanza cristiana /
_cJuan José R. Rosado.
260 _aMadrid :
_bRialp,
_c1964 (
_fSelecciones Gráf.)
300 _a47 p. ;
_c19 cm.
490 1 _aColección "O Crece O Muere" ;
_v178
505 8 _aContiene: Angustia existencial: Kierkegaard, Jaspers, Heidegger, Sartre ; Infinitud humana ; Esperanza cristiana
594 _aEl texto de la presente conferencia fue dado a conocer por su autor en el salón de actos del Instituto "Luis Vives" de Filosofía, del C.S. de I.C., el día 22 de mayo de 1962, invitado por la Sociedad Española de Filosofía e Historia de la Ciencia.
650 0 0 _aExistencialismo.
_912679
650 4 _aAnsiedad.
_9154650
650 _aEsperanza-
_xAspectos religiosos.
_912498
710 2 _aInstituto de Filosofía "Luis Vives"
_9169712
830 1 0 _aColección "O crece o muere"
_v178
_9183476
852 4 _aES-MaACL
_jJ-24(178)
999 _c109826
_d109826